000 00522nam a2200193Ia 4500
005 20250326124451.0
008 250326s9999 xx 000 0 und d
037 _aTextbook
040 _aFMSL
_beng
_cFMSL
041 _aeng
_2eng
084 _aX:8 K6
_qFMSL
100 _aAmrine H T
_9737451
245 0 _aManufacting organization and management
_cAmrine H T
250 _a2
260 _aNew Delhi
_bNew Delhi, Prentice-Hall
_c1966
300 _a568p
942 _cTB
_hX:8 K6
999 _c1273823
_d1273823